000 03129nam a2200469 a 4500
001 000103050
003 CHAP
005 20240814131035.0
007 cr ||||||a|c|a
008 101022s2010 mx r 00010 spa d
035 _a111171
040 _cCHAP
090 _aTesis
100 1 _aHernández Avila, Alejandro.
_953824
245 1 0 _aValoración económica del agua de uso doméstico en los municipios de Cuautepec, Metztitlán y Tulancingo en el Estado de Hidalgo
_c/por Alejandro Hernández Avila; director Ramón Valdivia Alcalá
264 1 _aChapingo, Méx. :
_bEl autor,
_c2010.
300 _a1 recurso en línea (124 páginas):
_bIlustraciones,cuadros, gráficas, mapas, tablas
336 _2rdacontent
_atexto
_btxt
337 _2rdacontent
_acomputadora
_bc
338 _2rdacarrier
_arecurso en línea
_bcr
502 _bLE
_cDICEA
_d2010.
_gLIC
520 _aEl problema de la escasez del agua se ha venido agudizando a nivel mundial, donde México no está exento de este problema, en el cual, la disponibilidad del agua entre los individuos ha disminuido en los últimos 50 años, ocasionados principalmente por el incremento poblacional. Con la presente investigación se pretende determinar la valoración económica del agua en los municipios de Cuautepec, Metztitlán y Tulancingo en el Estado de Hidalgo, mediante el método de valoración contingente, con este método se puede estimar la disponibilidad a pagar por el servicio de agua potable y la disponibilidad a ser compensado por dejar de usar el servicio público. La recolección de la información se realizó con la aplicación de encuestas a los usuarios domésticos de cada uno de los municipios. Con la información recabada por las encuestas, se procedió a procesarla con el paquete computacional de SAS, con el cual se construyeron los modelos que explicaban el comportamiento de la DAP y de la DAC para cada municipio, dando como resultado lo siguiente: la DAP estimada para Cuautepec fue de 134.064 pesos, para Metztitlán de 97.13 pesos y para Tulancingo de 131.32 pesos. Los valores estimados de la DAC para cada municipio fueron de 628.68 pesos para Cuautepec para Metztitlán es de 427.796 pesos y para Tulancingo se estimó una DAC de 651.423 pesos.
590 _aALEPH
_b10
_c20130110
590 _aBATCH-UPD
_b10
_c20130110
590 _aBATCH-UPD
_b10
_c20130410
590 _aBATCH-UPD
_b10
_c20130913
590 _aBATCH-UPD
_b10
_c20140324
590 _aBATCH-UPD
_b10
_c20141002
590 _aCONVERSION
_b10
_c20130109
590 _aE11695DGD
_b10
_c20160506
650 0 4 _aAgua potable
_xAbastecimiento
_xCostos.
_92444
650 0 4 _aAgua potable
_xAbastecimiento
_zHidalgo.
_92445
650 0 4 _aAgua potable
_xCalidad.
_92446
700 0 _aValdivia Alcalá, Ramón
_9117308
_eDirector de tesis
856 _uhttp://10.13.5.2/tesis/111171.pdf
_zDESCARGAR PDF
901 _aBK
942 _2Universidad Autónoma Chapingo
_cTD
949 _bBC
_cTES
_d33724002211842
_eTS1
_gDonaciØn
_h51271
_i111171
_sb
949 _bBC
_cTES
_d33724002211884
_eTS2
_fc.2
_gDonaciØn
_h51272
_i111171
_sb
999 _c99513
_d99513